El moderno sistema mundial: la agricultura capitalista y los orígenes de la economía-mundo europea en el siglo XVI

Enregistré dans:
Détails bibliographiques
Auteur principal: Wallerstein, Immanuel Maurice (Auteur)
Format: Livre
Langue:espagnol
Publié: Ciudad de México Siglo 21 1979
Édition:1a. ed
Collection:Historia
Sujets:
Tags: Ajouter un tag
Pas de tags, Soyez le premier à ajouter un tag!

MARC

LEADER 00000nam a2200000 a 4500
001 UCI1703
003 CL-VaPUC
008 070713e19790000MX |||||||||||||||||spa|d
020 |a 9682321786 
082 0 4 |a 330.122  |b WAL  |2 21 
100 0 |a Wallerstein, Immanuel Maurice  |e author  |9 486585 
245 1 3 |a El moderno sistema mundial: la agricultura capitalista y los orígenes de la economía-mundo europea en el siglo XVI 
250 |a 1a. ed 
300 |a 580 p 
942 |c BK 
945 |d 20070713 00:00:00  |a jtorresc 
260 |a Ciudad de México  |b Siglo 21  |c 1979 
650 0 |a Capitalismo  |9 255255 
650 7 |a MERCANTILISMO  |2 CL-VaPUC  |9 313449 
650 0 |a Condiciones económicas  |9 258255 
650 7 |a HISTORIA ECONOMICA SIGLO 16  |2 CL-VaPUC  |9 317847 
651 0 |a Europa  |9 255156 
583 |a last modification  |c 20160817 05:15:23  |k Rodrigo Vera 
490 0 |a Historia 
999 |c 326460  |d 326458 
952 |0 0  |1 0  |4 0  |6 330_122000000000000_WAL_1979  |7 0  |8 R  |9 408355  |a BIBHIS  |b BIBHIS  |d 2019-11-22  |i 4354613  |l 5  |m 1  |o 330.122 WAL 1979  |p 4354613  |r 2024-11-04  |s 2024-10-29  |w 2019-11-22  |y BK_R  |k HIS 
952 |0 0  |1 0  |4 0  |6 330_122000000000000_WAL_1979  |7 0  |8 R  |9 408356  |a BIBARQ  |b BIBARQ  |d 2019-11-22  |i 4612507  |o 330.122 WAL 1979  |p 4612507  |r 2025-01-20  |w 2019-11-22  |y BK_R  |k ARQ